LIBRARY & INFORMATION CENTRE, KCAET, TAVANUR

ONLINE PUBLIC ACCESS CATALOGUE (OPAC)

Eighteenth century background: Studies on the idea of nature in the thought of the period / (Record no. 2430)

MARC details
000 -LEADER
fixed length control field 00423cam a2200145ua 4500
041 ## - LANGUAGE CODE
Language code of text/sound track or separate title eng
082 ## - DEWEY DECIMAL CLASSIFICATION NUMBER
Classification number 828.09
Item number WIL/EI
100 ## - MAIN ENTRY--AUTHOR NAME
Personal name Willey, Basil .
245 ## - TITLE STATEMENT
Title Eighteenth century background: Studies on the idea of nature in the thought of the period /
260 ## - PUBLICATION, DISTRIBUTION, ETC. (IMPRINT)
Place of publication London :
Name of publisher Chatto and winds ,
Year of publication 1961.
300 ## - PHYSICAL DESCRIPTION
Number of Pages 302 ; .
942 ## - ADDED ENTRY ELEMENTS (KOHA)
Koha item type Books
Holdings
Withdrawn status Lost status Damaged status Home library Current library Date acquired Cost, normal purchase price Full call number Accession Number Koha item type Public note
Withdrawn     KAUAET Sanskrit University 07/04/2012 25.00 828.09 7002 Books Transferred to Sanskrit University
free website counter